000 00441nam a2200181Ia 4500
001 18565
005 20260306171640.0
008 260306s9999||||xx |||||||||||||| ||und||
041 _aESP
082 _a658.408
_bS29
100 _aSchawalb, María Matilde (ed.)
_eAUT
245 0 _aCasos de responsabilidad social
260 _c2003
300 _a203 páginas :
_c20 cm.
650 _aGEN
654 _aCAN
942 _cLIB
_dJUS
_fJUS
_2ddc
_n
999 _c18565
_d18565